000 00436nam a2200181Ia 4500
001 22827
005 20260414150856.0
008 260414t2015||||xx |||||||||||||| ||spa||
041 _aESP
082 _a624.151
_bD27
100 _aDas, Braja M.
_eAUT
245 0 _aFundamentos de ingeniería geotécnica
_b
260 _c2015
300 _axix, 636 páginas :
_c24 cm.
650 _a0
654 _aCIC
942 _cLIB
_dJUS
_fJUS
_2ddc
_n
999 _c22827
_d22827